000 00463cam a2200181ua 4500
020 _a81-7040-278-6
_c210.00
041 _aeng
_h
082 _a631.587
_bACH/PR
100 _aAcharya, V V .
245 _aProsperity through lift irrigation /
_cV V Acharya.
_hTextual Documents
250 _a1 /
_b.
260 _aMumbai :
_bHimalaya Publishers ,
_c1991.
300 _a383 ; .
365 _a210.00
504 _a
942 _cBK
999 _c7327
_d7327